00505nam a22001337a 4500082001200000100003200012245009200044260004100136650002700177700004300204942000700247999001900254952009800273 a200 THE aAbdul Rafay Farooqi 972496 aTH-SOF-1721-Optimization of Process Plans by considering Material Handling cost for RMS aISLAMABADbNUST COLLEGE OF EMEc2019 aMS-MECH-2016 MSTHESIS aSupervisor Dr. Sajid Ullah Butt969661 cCF c578510d578510 00104070aCEMEbCEMEcREFd2019-12-16l0o200 THEp TH-SOF-1721r2021-06-28w2021-06-28yCF